Loreto College Library, Kolkata
WEBOPAC (ONLINE PUBLIC ACCESS CATALOGUE)

Counseling and Psychology (Record no. 26620)

MARC details
000 -LEADER
fixed length control field 00677nam a2200229Ia 4500
005 - DATE AND TIME OF LATEST TRANSACTION
control field 20240419144243.0
008 - FIXED-LENGTH DATA ELEMENTS--GENERAL INFORMATION
fixed length control field 131103s9999 xx 000 0 und d
020 ## - ISBN | অাই এস বি এন
PRICE Rs.16
040 ## - CATALOGING SOURCE
Original cataloging agency Loreto College
041 ## - LANGUAGE CODE
Language code English
082 ## - DDC | ডিউই
Classification number | বর্গসংখ্যা 370.15
Book Number | গ্রন্থাঙ্ক BLU
100 ## - MAIN ENTRY--PERSONAL NAME | মুখ্য সংলেখ - ব্যাক্তিনাম
Personal name | ব্যাক্তিনাম Blum,Milton L.
245 ## - TITLE STATEMENT | অাখ্যা বিবরণী
Title | অাখ্যা Counseling and Psychology
Sub title | উপঅাখ্যা
Statement of responsibility | লেখকের দায়িত্বের বিবরণ Milton L.Blum and Benjamin Balinsky
250 ## - EDITION STATEMENT | সংস্করণ ক্ষেত্র
Edition statement | সংস্করণ vocational psychology and its relation to education and personal counseling
260 ## - IMPRINT | প্রকাশনা ক্ষেত্র
Place of publication | প্রকাশ স্থান Bombay
Name of publisher | প্রকাশকের নাম Asia
Date of publication | প্রকাশ কাল 1961
300 ## - PHYSICAL DESCRIPTION |
Page / Vol. No | পৃষ্ঠা / খন্ড সংখ্যা xix,586 p.
504 ## - BIBLIOGRAPHY, ETC. NOTE
Bibliography, etc Includes bibliography and index
650 ## - SUBJECT ADDED ENTRY--TOPICAL TERM | বিষয় শিরোনাম - মূল বিষয়
Topical term | মূল বিষয় Balinsky, Benjamin
651 ## - SUBJECT ADDED ENTRY--GEOGRAPHIC NAME | বিষয় শিরোনাম - ভৌগলিক নাম
Geographic name | ভৌগলিক বিষয় Psychology - counseling
850 ## - HOLDING INSTITUTION
Holding institution LCBED
942 ## - ADDED ENTRY ELEMENTS (KOHA)
Koha item type Books
Holdings
Withdrawn status Lost status Source of classification Damaged status Not for loan Home library Current library Date acquired Total Checkouts Full call number Accession No. Date last seen Date checked out Price effective from Koha item type Coded location qualifier
    Dewey Decimal Classification     Loreto College Loreto College 04/11/2013 1 370.15 BLU 12258 B29460 18/03/2014 12/03/2014 04/11/2013 Books